| 000 | 00544nam a2200229Ia 4500 | ||
|---|---|---|---|
| 003 | 0100 | ||
| 008 | 130303s9999 xx 000 0 und d | ||
| 020 | _a664255965 | ||
| 040 | _cARRUPELIB | ||
| 050 | _aBR127.H521995 | ||
| 100 | _aHick, John | ||
| 245 | 2 | _aA christian theology of religions | |
| 245 | _bthe rainbow of faiths | ||
| 250 | _a1st American | ||
| 260 | _aLouisville | ||
| 260 | _bWestminster John Knox Press | ||
| 260 | _C1995 | ||
| 300 | _ax | ||
| 300 | _b 160 p. ill. 22 cm | ||
| 700 | _aJohn Hick | ||
| 942 | 0 | 0 | _04 |
| 999 |
_c12551 _d12551 |
||